[Event "BL2-Nord 1011"]
[Site "Germany"]
[Date "2010.10.10"]
[Round "1.4"]
[White "Wintzer, Joachim"]
[Black "Schmidbauer, Martin Daniel"]
[Result "1-0"]
[WhiteElo "2337"]
[BlackElo "2265"]
[PlyCount "109"]
[EventDate "2010.10.10"]
[EventType "team-tourn"]
[EventRounds "9"]
[EventCountry "GER"]
[SourceTitle "EXT 2012"]
[Source "ChessBase"]
[SourceDate "2011.11.24"]
[SourceVersion "1"]
[SourceVersionDate "2011.11.24"]
[SourceQuality "1"]
[WhiteTeam "Berlin 1903 II"]
[BlackTeam "Zehlendorf"]
[WhiteTeamCountry "GER"]
[BlackTeamCountry "GER"]

1. c4 Nf6 2. Nc3 c5 3. g3 d5 4. cxd5 Nxd5 5. Bg2 Nc7 6. Nf3 Nc6 7. 0-0 e5 8. Ne1 Bd7 9. Nd3 Bd6 10. Ne4 Qe7 11. b3 0-0 12. Bb2 Rae8 13. f4 f6 14. f5 b6 15. e3 Rd8 16. g4 Nb4 17. Ndf2 Bb5 18. d3 Ncd5 19. Re1 Bb8 20. a3 Nc6 21. Qc2 Qd7 22. Rad1 Rc8 23. Qb1 Rfd8 24. Nc3 Nxc3 25. Bxc3 Ne7 26. Be4 a5 27. Rc1 Kh8 28. Kh1 Nd5 29. a4 Ba6 30. Qb2 Qd6 31. Kg1 Rd7 32. Qe2 Rcd8 33. Qf3 Qc7 34. Red1 Bb7 35. Be1 Qd6 36. Nh3 Ba6 37. Kh1 Ne7 38. Bh4 h6 39. Be1 Nd5 40. Nf2 Rc7 41. h4 Ne7 42. Kg2 Rcd7 43. Bc3 Qc7 44. g5 Ng8 45. Kh3 Bb7 46. gxh6 Nxh6 47. Rg1 Bd5 48. Bxd5 Rxd5 49. e4 R5d7 50. Qh5 Qc6 51. Rg3 Bd6 52. Rcg1 Bf8 53. Bd2 c4 54. Bxh6 gxh6 55. Rg8+ 1-0

[Event "BL2-Nord 0910"]
[Site "Germany"]
[Date "2010.04.11"]
[Round "9.5"]
[White "Wintzer, Joachim"]
[Black "Lammers, Markus"]
[Result "1/2-1/2"]
[WhiteElo "2361"]
[BlackElo "2347"]
[PlyCount "81"]
[EventDate "2009.10.18"]
[EventType "team-tourn"]
[EventRounds "9"]
[EventCountry "GER"]
[SourceTitle "EXT 2011"]
[Source "ChessBase"]
[SourceDate "2010.11.26"]
[SourceVersion "1"]
[SourceVersionDate "2010.11.26"]
[SourceQuality "1"]
[WhiteTeam "Schachfreunde"]
[BlackTeam "Delmenhorst"]
[WhiteTeamCountry "GER"]
[BlackTeamCountry "GER"]

1. c4 Nf6 2. Nc3 c5 3. g3 Nc6 4. Bg2 a6 5. e3 e5 6. Nge2 Be7 7. d4 d6 8. b3 0-0 9. 0-0 Rb8 10. h3 Re8 11. g4 exd4 12. exd4 cxd4 13. Nxd4 Nxd4 14. Qxd4 b5 15. Bf4 bxc4 16. Qxc4 Qa5 17. Nd5 Nxd5 18. Qxd5 Qb4 19. Bd2 Qb6 20. Ba5 Qa7 21. Rfe1 Bb7 22. Qd3 Bxg2 23. Kxg2 Bf6 24. Rad1 Rxe1 25. Bxe1 h6 26. Bd2 Qb7+ 27. Kg1 d5 28. Rc1 d4 29. Bf4 Re8 30. a4 Re6 31. Bd2 Re8 32. b4 Rd8 33. b5 axb5 34. axb5 Bg5 35. Bxg5 hxg5 36. Rb1 Qb6 37. Rb4 Qc5 38. Rb1 Qc3 39. Qxc3 dxc3 40. Rc1 Rb8 41. Rxc3 1/2-1/2

[Event "EU-ch 11th"]
[Site "Rijeka"]
[Date "2010.03.16"]
[Round "10"]
[White "Krauss, Josef"]
[Black "Wintzer, Joachim"]
[Result "0-1"]
[WhiteElo "2100"]
[BlackElo "2361"]
[PlyCount "130"]
[EventDate "2010.03.06"]
[EventType "swiss"]
[EventRounds "11"]
[EventCountry "CRO"]
[SourceTitle "CBM 136"]
[Source "ChessBase"]
[SourceDate "2010.05.18"]
[SourceVersion "1"]
[SourceVersionDate "2010.05.18"]
[SourceQuality "1"]

1. e4 e6 2. d4 d5 3. e5 c5 4. c3 Nc6 5. Nf3 Qb6 6. a3 c4 7. Nbd2 Na5 8. Be2 Bd7 9. 0-0 Ne7 10. Re1 h6 11. Rb1 0-0-0 12. b3 cxb3 13. c4 dxc4 14. Nxc4 Nxc4 15. Bxc4 Ba4 16. Bxb3 Bxb3 17. Rxb3 Qa6 18. Be3 Nd5 19. Nd2 Qc6 20. Qb1 Kb8 21. Rc1 Qd7 22. Nc4 Rc8 23. a4 Be7 24. Qb2 Ka8 25. a5 Qa4 26. Nd6 Rxc1+ 27. Bxc1 Bxd6 28. exd6 Qxa5 29. Bd2 Qa4 30. h3 Qd7 31. Bb4 Rc8 32. Ba3 b6 33. Rf3 Kb7 34. h4 h5 35. Qe2 g6 36. Qd2 Rc4 37. g3 a6 38. Qb2 Ka7 39. Rb3 Qc6 40. Rf3 Qd7 41. Qb3 Rc8 42. Kh2 Rg8 43. Qd3 a5 44. Qd2 f6 45. Rb3 Qa4 46. Rf3 Qc6 47. Rb3 Qa4 48. Rf3 Rg7 49. Qh6 Qd7 50. Rb3 Rg8 51. Qd2 Qa4 52. Rf3 Rd8 53. Qh6 Qe8 54. Rb3 Ka6 55. Qd2 Qa4 56. Rf3 f5 57. Qe2+ Qb5 58. Qxe6 f4 59. gxf4 Nb4 60. f5 gxf5 61. Rxf5 Qc6 62. Bxb4 axb4 63. Qa2+ Kb7 64. Rf7+ Rd7 65. Rf8 Qxd6+ 0-1

[Event "EU-ch 11th"]
[Site "Rijeka"]
[Date "2010.03.10"]
[Round "5"]
[White "Wintzer, Joachim"]
[Black "Banusz, Tamas"]
[Result "0-1"]
[WhiteElo "2361"]
[BlackElo "2517"]
[PlyCount "78"]
[EventDate "2010.03.06"]
[EventType "swiss"]
[EventRounds "11"]
[EventCountry "CRO"]
[SourceTitle "CBM 136"]
[Source "ChessBase"]
[SourceDate "2010.05.18"]
[SourceVersion "1"]
[SourceVersionDate "2010.05.18"]
[SourceQuality "1"]

1. c4 e6 2. Nc3 d5 3. d4 c6 4. cxd5 exd5 5. Bf4 Nf6 6. e3 Bd6 7. Bxd6 Qxd6 8. Bd3 0-0 9. Qc2 Bg4 10. h3 Bh5 11. Nge2 Bxe2 12. Qxe2 Nbd7 13. 0-0 Rfe8 14. Rab1 g6 15. Qc2 Kg7 16. Rfc1 Nb6 17. Na4 Nxa4 18. Qxa4 h5 19. Qd1 h4 20. Rc3 a5 21. Qf3 a4 22. Ra3 Qb4 23. Qd1 b6 24. Bc2 b5 25. Bd3 Re6 26. Qe2 Ng8 27. Rc3 Ne7 28. Rc5 f5 29. Qd1 Rf8 30. a3 Qa5 31. Rbc1 f4 32. Qg4 Rff6 33. R5c3 fxe3 34. fxe3 Rxe3 35. Qxh4 Qa7 36. Kh1 Qb8 37. Bb1 Re2 38. Re1 Qf4 39. g4 Qh2# 0-1

[Event "EU-ch 11th"]
[Site "Rijeka"]
[Date "2010.03.09"]
[Round "4"]
[White "Burstein, Almog"]
[Black "Wintzer, Joachim"]
[Result "0-1"]
[WhiteElo "2100"]
[BlackElo "2361"]
[PlyCount "54"]
[EventDate "2010.03.06"]
[EventType "swiss"]
[EventRounds "11"]
[EventCountry "CRO"]
[SourceTitle "CBM 136"]
[Source "ChessBase"]
[SourceDate "2010.05.18"]
[SourceVersion "1"]
[SourceVersionDate "2010.05.18"]
[SourceQuality "1"]

1. e4 e6 2. d4 d5 3. Nc3 Bb4 4. e5 c5 5. a3 Bxc3+ 6. bxc3 Ne7 7. Qg4 0-0 8. Nf3 Nbc6 9. Bd3 f5 10. exf6 Rxf6 11. Bg5 e5 12. Qg3 Rxf3 13. gxf3 c4 14. Bh6 g6 15. Be2 exd4 16. cxd4 Nf5 17. Qg5 Qa5+ 18. Kd1 Ncxd4 19. Qd2 c3 20. Qf4 Nxe2 21. Kxe2 Qb5+ 22. Kd1 Nxh6 23. Qxh6 Bf5 24. Qc1 d4 25. Rb1 Qd5 26. Qf4 Rf8 27. Qg3 d3 0-1

[Event "Bundesliga 0910"]
[Site "Germany"]
[Date "2010.02.27"]
[Round "10.7"]
[White "Wintzer, Joachim"]
[Black "Seger, Ruediger"]
[Result "1/2-1/2"]
[WhiteElo "2361"]
[BlackElo "2407"]
[PlyCount "160"]
[EventDate "2009.10.16"]
[EventType "team-tourn"]
[EventRounds "15"]
[EventCountry "GER"]
[SourceTitle "EXT 2011"]
[Source "ChessBase"]
[SourceDate "2010.11.26"]
[SourceVersion "1"]
[SourceVersionDate "2010.11.26"]
[SourceQuality "1"]
[WhiteTeam "Berlin SF"]
[BlackTeam "Trier"]
[WhiteTeamCountry "GER"]
[BlackTeamCountry "GER"]

1. c4 Nf6 2. Nc3 d5 3. cxd5 Nxd5 4. g3 g6 5. Bg2 Nxc3 6. bxc3 Bg7 7. Rb1 Nc6 8. h4 h5 9. c4 0-0 10. d3 Qd7 11. Nf3 b6 12. Bb2 Bxb2 13. Rxb2 Bb7 14. 0-0 Rad8 15. Qc1 Na5 16. Qh6 Bxf3 17. Bxf3 Qd4 18. Rb5 c5 19. Qg5 Qf6 20. Qxf6 exf6 21. Rc1 Rd6 22. Rc3 Nc6 23. Bxc6 Rxc6 24. Ra3 Re8 25. Kf1 a5 26. Rab3 Ree6 27. Ke1 Kf8 28. Kd2 Ke7 29. e3 Kd7 30. Kc3 Kc7 31. Rb2 Re5 32. Rd2 f5 33. Rbb2 f6 34. Re2 Rce6 35. Rb1 Rd6 36. Rbe1 Re7 37. Rd2 Rd8 38. Red1 Rd6 39. Rb1 Rc6 40. Rc1 Rd6 41. Re2 Red7 42. Rd1 Re7 43. a4 Kc6 44. Rdd2 Rde6 45. Rb2 Kc7 46. Rb5 g5 47. Rd2 gxh4 48. gxh4 f4 49. exf4 Re1 50. d4 Rc1+ 51. Kd3 Rd7 52. d5 Ra1 53. Rc2 Rxa4 54. Rb1 Rb4 55. Rxb4 axb4 56. Re2 Rd6 57. Re7+ Rd7 58. Re6 Rd6 59. Re7+ Rd7 60. Re8 Rd8 61. Re3 Ra8 62. Re7+ Kd8 63. Rb7 f5 64. Rxb6 Ra3+ 65. Kd2 Rc3 66. Rf6 Rxc4 67. Rxf5 b3 68. Rf8+ Ke7 69. Rb8 Rxf4 70. Rxb3 Kd6 71. Ke3 Rxh4 72. Rb8 Kxd5 73. Rd8+ Ke6 74. f4 Rh1 75. Rc8 Kd5 76. Rd8+ Kc4 77. f5 Rf1 78. Ke4 Kb3 79. Rb8+ Kc3 80. Rh8 c4 1/2-1/2

[Event "BL2-Nord 0910"]
[Site "Germany"]
[Date "2010.02.07"]
[Round "6.4"]
[White "Wintzer, Joachim"]
[Black "Hess, Christian"]
[Result "1-0"]
[WhiteElo "2361"]
[BlackElo "2254"]
[PlyCount "87"]
[EventDate "2009.10.18"]
[EventType "team-tourn"]
[EventRounds "9"]
[EventCountry "GER"]
[SourceTitle "EXT 2011"]
[Source "ChessBase"]
[SourceDate "2010.11.26"]
[SourceVersion "1"]
[SourceVersionDate "2010.11.26"]
[SourceQuality "1"]
[WhiteTeam "Schachfreunde"]
[BlackTeam "Koenigsspringer"]
[WhiteTeamCountry "GER"]
[BlackTeamCountry "GER"]

1. d4 d5 2. c4 e6 3. Nc3 c5 4. cxd5 exd5 5. Nf3 Nc6 6. g3 Nf6 7. Bg2 Be7 8. 0-0 0-0 9. Bg5 c4 10. Ne5 Be6 11. Rc1 Nd7 12. Nxc6 bxc6 13. Bxe7 Qxe7 14. b3 Nb6 15. Re1 Rfd8 16. e3 Rab8 17. Bf1 c5 18. dxc5 Qxc5 19. Ne2 Rbc8 20. Nd4 Qd6 21. Qh5 g6 22. Qh4 Kg7 23. Red1 cxb3 24. axb3 Rxc1 25. Rxc1 Rc8 26. Ra1 Rd8 27. Nb5 Qd7 28. Qd4+ Kg8 29. Qe5 Bh3 30. Be2 Rc8 31. Qb2 Qc6 32. Nd4 Qd7 33. Bf1 Bg4 34. Rc1 h5 35. h4 Qb7 36. Qa3 Ra8 37. Re1 Re8 38. Qc5 Kg7 39. Nb5 Re4 40. Nd6 Qd7 41. Nxe4 dxe4 42. Qc3+ Kg8 43. Qc2 Qe6 44. Rd1 1-0

[Event "BL2-Nord 0910"]
[Site "Germany"]
[Date "2009.11.29"]
[Round "3.4"]
[White "Schmidt, Harald"]
[Black "Wintzer, Joachim"]
[Result "1-0"]
[WhiteElo "2408"]
[BlackElo "2361"]
[PlyCount "131"]
[EventDate "2009.10.18"]
[EventType "team-tourn"]
[EventRounds "9"]
[EventCountry "GER"]
[SourceTitle "EXT 2011"]
[Source "ChessBase"]
[SourceDate "2010.11.26"]
[SourceVersion "1"]
[SourceVersionDate "2010.11.26"]
[SourceQuality "1"]
[WhiteTeam "Luebeck"]
[BlackTeam "Schachfreunde"]
[WhiteTeamCountry "GER"]
[BlackTeamCountry "GER"]

1. Nf3 e6 2. g3 b6 3. Bg2 Bb7 4. c4 Nf6 5. 0-0 Be7 6. Nc3 0-0 7. d4 Ne4 8. Qc2 Nxc3 9. Qxc3 d6 10. Qd3 f5 11. d5 e5 12. e4 Bc8 13. exf5 Bxf5 14. Qe2 Nd7 15. Nd2 Bg5 16. Ne4 Bxc1 17. Raxc1 Nc5 18. b4 Nxe4 19. Bxe4 a5 20. Bxf5 Rxf5 21. c5 axb4 22. cxb6 cxb6 23. Rc6 Rf6 24. Rfc1 Rf8 25. R1c2 Ra5 26. Qg4 Qf6 27. Qxb4 Rxd5 28. Qb3 Qf7 29. Rxb6 Rd1+ 30. Kg2 Qxb3 31. axb3 Rf7 32. Rb8+ Rf8 33. Rb7 Rd4 34. h3 Kh8 35. Rcc7 Rd2 36. Rf7 Rg8 37. h4 h6 38. Kf3 Rd4 39. b4 Rc4 40. b5 Rb4 41. h5 d5 42. b6 Kh7 43. Rfe7 Rb3+ 44. Kg4 e4 45. Re6 Rb5 46. Rd7 Kh8 47. b7 Rb4 48. Ree7 Rb5 49. Rc7 Kh7 50. Kf4 Rb2 51. Ke5 Rb5 52. Kd4 Rb2 53. Kxd5 Rb4 54. Ke5 Rb5+ 55. Kxe4 Rb1 56. Kf3 Rb5 57. Ke3 Rb3+ 58. Kd2 Rb5 59. Kc2 Rb6 60. f4 Rb5 61. f5 Rxf5 62. Rc8 Rff8 63. Rxf8 Rxf8 64. Rc7 Rf2+ 65. Kc3 Rf3+ 66. Kc4 1-0

[Event "BL2-Nord 0910"]
[Site "Germany"]
[Date "2009.10.18"]
[Round "1.4"]
[White "Wintzer, Joachim"]
[Black "Orzech, Dominik"]
[Result "1/2-1/2"]
[WhiteElo "2361"]
[BlackElo "2435"]
[PlyCount "126"]
[EventDate "2009.10.18"]
[EventType "team-tourn"]
[EventRounds "9"]
[EventCountry "GER"]
[SourceTitle "EXT 2011"]
[Source "ChessBase"]
[SourceDate "2010.11.26"]
[SourceVersion "1"]
[SourceVersionDate "2010.11.26"]
[SourceQuality "1"]
[WhiteTeam "Schachfreunde"]
[BlackTeam "Zehlendorf"]
[WhiteTeamCountry "GER"]
[BlackTeamCountry "GER"]

1. d4 d5 2. c4 c6 3. Nc3 Nf6 4. e3 e6 5. Nf3 Nbd7 6. Bd3 Be7 7. 0-0 0-0 8. b3 b6 9. Bb2 Bb7 10. Qc2 Qc7 11. Rad1 Rad8 12. Ne5 dxc4 13. bxc4 Nxe5 14. dxe5 Nd7 15. f4 Nc5 16. Be2 Rxd1 17. Nxd1 f5 18. exf6 Bxf6 19. Bxf6 Rxf6 20. Nf2 Rf8 21. Ng4 b5 22. Ne5 g6 23. Rd1 Ba6 24. Qd2 bxc4 25. Qc3 Rd8 26. Rd4 Rxd4 27. Qxd4 Qa5 28. Kf2 Nd3+ 29. Bxd3 cxd3 30. Kg3 Qb6 31. Qd7 Qb2 32. Kg4 Qe2+ 33. Kg3 Qxe3+ 34. Kg4 Qe2+ 35. Kh3 Qh5+ 36. Kg3 Qf5 37. Ng4 Kf8 38. Qd8+ Kg7 39. Qd7+ Kf8 40. Qd8+ Kg7 41. Qc7+ Qf7 42. Qxc6 h5 43. Qxa6 hxg4 44. Qxd3 Qb7 45. Qe2 Kf7 46. Kxg4 Qd5 47. Kg3 a5 48. Qc2 Kf6 49. a4 Qd4 50. h4 Qb4 51. Kg4 Qd4 52. Kf3 Qb4 53. Qe4 Qb3+ 54. Kf2 Qb2+ 55. Kg3 Qb3+ 56. Kg4 Qd1+ 57. Kh3 Qh1+ 58. Kg3 Qa1 59. Kh2 Qc1 60. Qa8 Qb2 61. Qh8+ Ke7 62. Qh7+ Kf6 63. Qh8+ Kf7 1/2-1/2

[Event "BL2-Sued 0809"]
[Site "Germany"]
[Date "2009.03.29"]
[Round "9.5"]
[White "Wintzer, Joachim"]
[Black "Gamer, Torsten"]
[Result "1/2-1/2"]
[WhiteElo "2355"]
[BlackElo "2265"]
[PlyCount "110"]
[EventDate "2008.10.05"]
[EventType "team-tourn"]
[EventRounds "9"]
[EventCountry "GER"]
[SourceTitle "CBM 129 Extra"]
[Source "ChessBase"]
[SourceDate "2009.05.05"]
[SourceVersion "2"]
[SourceVersionDate "2009.05.20"]
[SourceQuality "1"]
[WhiteTeam "Heidelberg Kirchheim"]
[BlackTeam "Untergrombach"]
[WhiteTeamCountry "GER"]
[BlackTeamCountry "GER"]

1. c4 e6 2. Nc3 d5 3. d4 c6 4. e3 Nf6 5. Nf3 Nbd7 6. Qc2 Bd6 7. Be2 0-0 8. 0-0 dxc4 9. Bxc4 e5 10. h3 Qe7 11. a3 b6 12. Bd2 Bb7 13. Ne4 Nxe4 14. Qxe4 Nf6 15. Qh4 e4 16. Nh2 Bc8 17. f4 Be6 18. Bxe6 Qxe6 19. Ng4 Be7 20. Nxf6+ Bxf6 21. Qg4 Qb3 22. Bc3 c5 23. Qd1 Qxd1 24. Rfxd1 Rfd8 25. Rac1 cxd4 26. Bxd4 Bxd4 27. Rxd4 Rxd4 28. exd4 f5 29. Kf2 Rd8 30. Ke3 Rd7 31. g4 g6 32. Rc6 Kf7 33. gxf5 gxf5 34. Rh6 Kg7 35. Re6 Kf7 36. Rh6 Kg7 37. Re6 Kf7 38. Rc6 Kg7 39. a4 Kf7 40. Rh6 Kg7 41. Rc6 Kf7 42. Rh6 Kg7 43. Re6 Kf7 44. Re5 Kf6 45. d5 Re7 46. Kd4 a5 47. h4 h5 48. d6 Rxe5 49. fxe5+ Ke6 50. b3 Kd7 51. Ke3 Ke6 52. Kf4 Kd7 53. Ke3 Ke6 54. Kd4 Kd7 55. Ke3 Ke6 1/2-1/2

[Event "BL2-Sued 0809"]
[Site "Germany"]
[Date "2009.02.01"]
[Round "6.5"]
[White "Koepke, Elena"]
[Black "Wintzer, Joachim"]
[Result "0-1"]
[WhiteElo "2255"]
[BlackElo "2355"]
[PlyCount "88"]
[EventDate "2008.10.05"]
[EventType "team-tourn"]
[EventRounds "9"]
[EventCountry "GER"]
[SourceTitle "CBM 129 Extra"]
[Source "ChessBase"]
[SourceDate "2009.05.05"]
[SourceVersion "2"]
[SourceVersionDate "2009.05.20"]
[SourceQuality "1"]
[WhiteTeam "Muenchen Tarrasch"]
[BlackTeam "Heidelberg Kirchheim"]
[WhiteTeamCountry "GER"]
[BlackTeamCountry "GER"]

1. e4 e6 2. d4 d5 3. Nd2 c5 4. exd5 Qxd5 5. Ngf3 cxd4 6. Bc4 Qd6 7. 0-0 Nf6 8. Nb3 Nc6 9. Nbxd4 Nxd4 10. Nxd4 a6 11. c3 Qc7 12. Bb3 Bd6 13. h3 0-0 14. Qf3 e5 15. Nc2 Bd7 16. Ne3 Bc6 17. Qe2 Rfe8 18. Nf5 Bf8 19. Bg5 Ne4 20. Bh4 Nc5 21. Qg4 g6 22. Bc2 h5 23. Qg3 Ne4 24. Bxe4 Bxe4 25. Ne3 Bg7 26. Rfe1 Kh7 27. Rad1 Bc6 28. Nd5 Bxd5 29. Rxd5 f6 30. Qf3 Qc4 31. Bg3 e4 32. Qd1 Qxa2 33. Qd4 Re7 34. Qc5 Rae8 35. Bd6 Rd7 36. Red1 Red8 37. c4 Qa4 38. Bc7 Qxd1+ 39. Rxd1 Rxd1+ 40. Kh2 R8d7 41. Bf4 f5 42. Be5 b6 43. Qxb6 Bxe5+ 44. g3 h4 0-1